000 00476nam a2200145Ia 4500
008 090124s9999 xx 000 0 und d
082 _b33901
245 _a अमृता प्रितम एक चिंतन
250 _a1
260 _bपराते श्रध्दा
_c2005
300 _a220
630 _a अमृता प्रितम एक चिंतन
730 _a अमृता प्रितम एक चिंतन
942 _cBOOK
999 _c190949
_d190949